000 00934cam a22002535a 4500
001 E149446
008 100308s2010 xxko f 000 0 eng d
020 _a9781848061309
035 _a(Sirsi) u149446
041 0 _aeng
050 0 4 _a333.72 $2 18
100 1 _aJohnson, Tony
245 0 0 _aSBEM for non-domestic buildings
_ban introduction
260 _aWatford
_bBRE
_c2010
300 _a16p.
_bill.
_c30cm.
490 0 _aBRE Information Paper
_v(7/10)
520 _aIntroduces the BRE's Simplified Building Energy Model (SBEM) which calculates the energy performance of non-domestic buildings, to allow compliance checks and energy ratings to be carried out consistently.
520 _aSupersedes BRE Information Paper 2/07, which is now withdrawn.
521 _aAdvanced
590 _aKA
651 4 _aUnited Kingdom
_y
690 _aENVIRONMENTAL AND LAND CONSULTANCY-ENERGY-ENERGY USE-ENERGY EFFICIENCY
942 _n0
999 _c110500
_d110500